Statistics for Click Disney Character to Movie

Click here to take the quiz!

General Stats

  • This quiz has been taken 225 times
  • The average score is 14 of 16

Answer Stats

HintAnswer% Correct
JasmineAladdin
95%
MauiMoana
95%
GastonBeauty and the Beast
92%
SvenFrozen
92%
BalooThe Jungle Book
92%
HadesHercules
91%
NalaThe Lion King
90%
MushuMulan
89%
John SmithPocahontas
87%
AuroraSleeping Beauty
87%
JaneTarzan
87%
TianaThe Princess and the Frog
85%
DocSnow White and the Seven Dwarves
80%
EsmereldaThe Hunchback of Notre Dame
77%
EricThe Little Mermaid
74%
Eugene FitzherbertTangled
70%

Score Distribution

Percentile by Number Answered

Percent of People with Each Score

Your Score History

You have not taken this quiz